| 000 | 00630nab a2200193 4500 | ||
|---|---|---|---|
| 001 | 244442 | ||
| 003 | OSt | ||
| 005 | 20260423125240.0 | ||
| 007 | tu | ||
| 008 | 260423s2020||||||| | ||
| 040 |
_aDE-2950 _cDE-2950 |
||
| 245 | 0 | 0 |
_aMillionenbau weckt Hoffnung _bSpatenstich. Die Katholische Kirche in Frankfurt hat einen wichtigen ersten Schritt für das neue Gebäude der Kita Heilig Kreuz getan/ _cThomas Meiler |
| 264 | _c2026 | ||
| 653 | _aFrankfurt (Oder) | ||
| 653 | _aKatholische Kirche | ||
| 653 | _aKita | ||
| 773 | 0 |
_g37. Jahrgang (2026) Nr. 90 vom 18.04.2026 , S. 15 mit Foto _tMärkische Oderzeitung |
|
| 942 |
_2z _cA |
||
| 999 |
_c374381 _d374381 |
||